000 00478nam a2200169Ia 4500
999 _c35290
_d35290
003 OSt
005 20201218140834.0
008 190216s9999||||xx |||||||||||||| ||und||
040 _coclc
082 _a491.433
_bAGR/H
100 _aAgrawal, Prathima
_97688
245 0 _aHindi Muhavare /
_cPrathima Agrawal
260 _bCulcuta Vishuvidyalaya,
_c1988.
300 _a1106p
650 _aDictionaries
942 _cREF
_2ddc
_h491.433
_iAGR/H
_k491.433
_mAGR/H